Top 5 mistrzów Niemiec - Statystyki

Ogólne statystyki
  • Ten quiz został rozwiązany 264 razy
  • Średni wynik to 2 z 5
Statystyki odpowiedzi
Ilość
tytułów
Klub % Poprawnych
33 Bayern Monachium
100%
8 Borussia Dortmund
95%
6 Hamburger SV
23%
7 Schalke 04 Gelsenkirchen
17%
9 FC Nürnberg
4%
Nie znaleziono quizów pasujących do podanych kryteriów
Rozkład punktacji
Procent ludzi z każdym wynikiem
Percentyl według liczby udzielonych odpowiedzi
Twoja historia wyników
Nie rozwiązałeś tego quizu